Κοινωνικό φύλο και ανοικτή μάθηση μέσω διαδικτύου : μελέτη περίπτωσης το πιλοτικό έργο της δημόσιας κεντρικής βιβλιοθήκης Λιβαδειάς : διπλωματική εργασία [μεταπτυχιακή εργασία]
Αποθηκεύτηκε σε:
| Κύριος συγγραφέας: | |
|---|---|
| Συγγραφή απο Οργανισμό/Αρχή: | |
| Άλλοι συγγραφείς: | |
| Μορφή: | Thesis Βιβλίο |
| Γλώσσα: | Greek |
| Δημοσίευση: |
2012
|
| Θέματα: | |
| Διαθέσιμο Online: | http://hdl.handle.net/11610/13911 |
| Ετικέτες: |
Προσθήκη ετικέτας
Δεν υπάρχουν, Καταχωρήστε ετικέτα πρώτοι!
|
MARC
| LEADER | 00000cam a2200000 i 4500 | ||
|---|---|---|---|
| 001 | 1/27627 | ||
| 008 | 130320s2012 gre d | ||
| 035 | |l 10114048 | ||
| 040 | |a GR-MY-UA |b gre |e aacr | ||
| 041 | 0 | |a gre | |
| 082 | 0 | |a 305.3 |2 (22) | |
| 100 | 1 | |a Κυριάκου, Αργυρώ. | |
| 245 | 1 | 0 | |a Κοινωνικό φύλο και ανοικτή μάθηση μέσω διαδικτύου : |b μελέτη περίπτωσης το πιλοτικό έργο της δημόσιας κεντρικής βιβλιοθήκης Λιβαδειάς : διπλωματική εργασία [μεταπτυχιακή εργασία] / |c Αργυρώ Κυριάκου ; επιβλέπουσα: Χρυσή Βιτσιλάκη |
| 260 | |c 2012 | ||
| 300 | |a 86 σ.; |b πιν.; |c 30 εκ. | ||
| 500 | |a Μέλη εξεταστικής επιτροπής: Πέτρος Ρούσσος, Διονύσης Γουβιάς | ||
| 502 | |a Διατριβή (μεταπτυχιακή) – Πανεπιστήμιο Αιγαίου, Ρόδος, 2012. | ||
| 504 | |a Βιβλιογραφία: σ. 60-69 | ||
| 650 | 0 | 0 | |a Gender identity. |
| 650 | 0 | 0 | |a Sex discrimination. |
| 650 | 0 | 0 | |a Distance education |x Computer-assisted instruction. |
| 650 | 0 | 0 | |a Dissertations, Academic |z Greece. |
| 700 | 1 | |a Βιτσιλάκη, Χρυσή, |e dgsf [Επιβλέπουσα καθηγήτρια] | |
| 710 | 1 | |a Πανεπιστήμιο Αιγαίου |b Σχολή Ανθρωπιστικών Επιστημών |b Τμήμα Επιστημών της Προσχολικής Αγωγής και του Εκπαιδευτικού Σχεδιασμού |b Πρόγραμμα Μεταπτυχιακών Σπουδών Φύλο και Νέα Εκπαιδευτικά και Εργασιακά Περιβάλλοντα στην Κοινωνία της Πληροφορίας. | |
| 852 | |a INST |b RHODES |c DIATR |e 20130320 |h 305.3 ΚΥΡ |p 005400035039 |q 005400035039 |t MTXE |y 23 | ||
| 852 | |a INST |b RHODES |c DIATR |e 20130320 |h 305.3 ΚΥΡ |p 005400035040 |q 005400035040 |t MTXE |y 23 | ||
| 856 | |u http://hdl.handle.net/11610/13911 | ||
| 901 | |a BIBL4-2013-1 | ||
| 909 | |a Ρ |b 176544 | ||
| 909 | |a Ρ |b 176545 | ||
| 924 | |a ΚΥΡΙΑΚΟΥ |b ΑΡΓΥΡΩ |y ΡΟΔΟΣ |z 2012 | ||
| 970 | |z 2013/03/11 | ||